000 00792cam a2200145 4500500
005 20260208005833.0
041 _afre
042 _adc
100 1 0 _aPernot, Denis
_eauthor
245 0 0 _aAnamorphoses décadentes. L’Art de la défiguration (1880-1914). Études offertes à JEAN DE PALACIO, sous la direction d’ISABELLE KRZYWKOWSKI et de SYLVIE THOREL-CAILLETEAU. Paris, Presses de l’Université de Paris-Sorbonne, « Recherches actuelles en Littérature comparée », 2002. Un vol. 15,5 × 24 de 388 p.
260 _c2005.
500 _a100
786 0 _nRevue d'histoire littéraire de la France | 105 | 4 | 2005-10-01 | p. 1031x-1076x | 0035-2411
856 4 1 _uhttps://shs.cairn.info/revue-d-histoire-litteraire-de-la-france-2005-4-page-1031x?lang=fr&redirect-ssocas=7080
999 _c1654059
_d1654059